Top Premier league goalscorer’s - Chelsea - Statistics

General Stats
  • This quiz has been taken 93 times
  • The average score is 7 of 10
Answer Stats
Goals Clue Player % Correct
104 He scored the winning goal in a champions league final and had 2 spells at Chelsea. Also managed to stop a Civil War in his home country. Didier Drogba
100%
147 One of Englands Legends, worked his way through the ranks and was a manager for Chelsea but now manages a different Prem club Frank Lampard
100%
41 One of not just Chelsea’s greatest captains but one of the best captains of all time. Served and captained Chelsea to many trophies for 19 years. John Terry
85%
52 Was a very aggressive Spaniard who was kicked out of many clubs but that’s not to say he didn’t know where the back of the net was when he was on the pitch. Diego Costa
78%
85 Was one of the Prem’s best, had a nac for scoring the winning goal. Then made what looked to be one of the best transfers of the modern age but flopped. Eden Hazard
76%
38 A French beast who played for 12 different clubs during his 19 year career Nicholas Anelka
74%
59 A great player and Chelsea legend but while at the club only won the FA CUP once. Voted the best ever Chelsea player by the fans Gianfranco Zola
55%
69 Played for many clubs and the last Premier league club he played for is know in league two. Jimmy Floyd Hasselbaink
49%
37 Went onto play for Arsenal and is only known by one name. Willian
48%
54 Not gonna lie, I have no idea who this is. He’s Icelandic, probably. Eidur Gudjhosen
1%
No matching quizzes found
Score Distribution
Percent of People with Each Score
Percentile by Number Answered
Your Score History
You have not taken this quiz